| 000 | 00656nam a2200181Ia 4500 | ||
|---|---|---|---|
| 008 | 100920s9999 xx 000 0 und d | ||
| 082 |
_b105586 _a28 व 891,43 न 09 |
||
| 100 | _aहरदास दत्तात्रय. | ||
| 245 | _aदादा जी की अदालत. | ||
| 260 |
_bअंशिका प्रकाश2009न,प्रतापगढ. _c2009 |
||
| 300 |
_a24 _bसाधी |
||
| 365 | _b30 | ||
| 520 | _aबा.वि.हिंदी. | ||
| 630 | _aदादा जी की अदालत. | ||
| 650 | _aबा.वि.हिंदी. | ||
| 730 | _aदादा जी की अदालत. | ||
| 942 | _cBOOK | ||
| 999 |
_c746017 _d746014 |
||